Renewable energy resources / (Record no. 194)
[ view plain ]
| 000 -LEADER | |
|---|---|
| fixed length control field | 00902cam a2200193ua 4500 |
| 003 - CONTROL NUMBER IDENTIFIER | |
| control field | OSt |
| 008 - FIXED-LENGTH DATA ELEMENTS--GENERAL INFORMATION | |
| fixed length control field | 220215b ||||| |||| 00| 0 eng d |
| 020 ## - INTERNATIONAL STANDARD BOOK NUMBER | |
| ISBN | 0-419-12000-9 |
| 020 ## - INTERNATIONAL STANDARD BOOK NUMBER | |
| ISBN | 9780419253303 |
| 082 ## - DEWEY DECIMAL CLASSIFICATION NUMBER | |
| Classification number | 621.47 |
| Item number | TWI/RE |
| 100 ## - MAIN ENTRY--AUTHOR NAME | |
| Personal name | Twidell, John W . |
| 245 ## - TITLE STATEMENT | |
| Title | Renewable energy resources / |
| 250 ## - EDITION STATEMENT | |
| Edition statement | 1 / |
| 260 ## - PUBLICATION, DISTRIBUTION, ETC. (IMPRINT) | |
| Place of publication | London : |
| Name of publisher | E & F Spon , |
| Year of publication | 1986. |
| 300 ## - PHYSICAL DESCRIPTION | |
| Number of Pages | 439 ; . |
| 505 ## - FORMATTED CONTENTS NOTE | |
| Formatted contents note | 1 Principles of renewable energy<br/>2 Essentials of fluid dynamics <br/>3 Heat transfer <br/>4 Solar radiation<br/>5 Solar water heating <br/>6 Buildings and other solar thermal applications <br/>7 Photovoltaic generation <br/>8 Hydro-power <br/>9 Power from the wind <br/>10 The photosynthetic process <br/>11 Biomass and biofuels <br/>12 Wave power <br/>13 Tidal power<br/>15 Geothermal energy<br/>16 Energy systems, storage and transmission<br/>17 Institutional and economic factors |
| 700 1# - ADDED ENTRY--PERSONAL NAME | |
| Personal name | Weir , Tony |
| 942 ## - ADDED ENTRY ELEMENTS (KOHA) | |
| Koha item type | Books |
| Withdrawn status | Lost status | Damaged status | Home library | Current library | Shelving location | Date acquired | Full call number | Accession Number | Koha item type | Collection code | Source of acquisition | Cost, normal purchase price |
|---|---|---|---|---|---|---|---|---|---|---|---|---|
| KAUAET | KAUAET | Shelf- 7A | 10/09/1986 | 621.47 TWI/RE | 15761 | Books | ||||||
| KAUAET | KAUAET | Shelf- 7A | 07/04/2012 | 621.47 TWI/RE | 15399 | Books | ||||||
| KAUAET | KAUAET | Shelf- 7A | 07/04/2012 | 621.47 TWI/RE | 21847 | Books | ||||||
| KAUAET | KAUAET | Shelf- 7A | 31/03/2012 | 621.47 TWI/RE | 23494 | Books | Non-fiction | International Books and periodical supply service, New Delhi | 950.00 | |||
| KAUAET | KAUAET | Shelf- 7A | 30/03/2013 | 621.47 TWI/RE | 23878 | Books | Non-fiction | Neoti Book Agency | ||||
| KAUAET | KAUAET | Shelf- 7A | 30/03/2013 | 621.47 TWI/RE | 23879 | Books | Non-fiction | Neoti Book Agency |
